000 00929nam a2200253Ia 4500
003 OSt
005 20220923213301.0
006 a|||||r|||| 00| 0
007 ta
008 220922b |||||||| |||| 00| 0 hin d
024 _a160,421
037 _cTextual
040 _aARTS
_cARTS
_bhin
041 _2hin
_ahin
082 _aO152,3:g(Y), K2
100 _aजोशी, चण्डीप्रसाद
245 0 _aहिन्दी उपन्यास
_b समाजशास्त्रीय विवेचन
246 _aHindī upanyāsa: samājashāstrīya vivechana
260 _c1962
490 _aसागर विश्वविद्यालय हिन्दी परिषद्माला
650 _aहिन्दी साहित्य
_9156264
942 _hO152,3:g(Y), K2
_cTEXL
_2CC
999 _c315168
_d315168